Waluty narodowe Europy - Statystyki

Ogólne statystyki
  • Ten quiz został rozwiązany 62 razy
  • Średni wynik to 22 z 45
Statystyki odpowiedzi
Kraj Waluta % Poprawnych
Polska Złoty polski
84%
Szwajcaria Frank szwajcarski
80%
Wielka Brytania Funt szterling
80%
Czechy Korona czeska
80%
Dania Korona duńska
80%
Rosja Rubel rosyjski
78%
Norwegia Korona norweska
76%
Szwecja Korona szwedzka
76%
Białoruś Rubel białoruski
76%
Ukraina Hrywna ukraińska
68%
Niemcy (do 2002) Marka niemiecka
68%
Węgry Forint węgierski
66%
Bułgaria Lew bułgarski
62%
Islandia Korona islandzka
60%
Albania Lek albański
58%
Włochy (do 2002) Lir włoski
58%
Francja (do 2002) Frank francuski
56%
Liechtenstein Frank szwajcarski
56%
Chorwacja (do 2023) Kuna chorwacka
56%
Rumunia Lej rumuński
56%
Słowacja (do 2009) Korona słowacka
52%
Watykan (do 2002) Lir watykański
52%
Irlandia (do 2002) Funt irlandzki
48%
Serbia Dinar serbski
46%
Monako (do 2002) Frank monakijski
46%
Luksemburg (do 2002) Frank luksemburski
40%
Mołdawia Lej mołdawski
40%
San Marino (do 2002) Lir sanmaryński
40%
Belgia (do 2002) Frank belgijski
34%
Bośnia i Hercegowina Marka zamienna
34%
Macedonia Północna Denar macedoński
32%
Grecja (do 2002) Drachma grecka
30%
Holandia (do 2002) Gulden holenderski
30%
Estonia (do 2011) Korona estońska
30%
Hiszpania (do 2002) Peseta hiszpańska
30%
Łotwa (do 2014) Łat łotewski
26%
Andora (do 2002) Peseta hiszpańska
26%
Malta (do 2008) Lira maltańska
24%
Litwa (do 2015) Lit litewski
24%
Finlandia (do 2002) Marka fińska
20%
Czarnogóra (do 2002) Marka niemiecka
18%
Austria (do 2002) Szyling austriacki
18%
Cypr (do 2008) Funt cypryjski
14%
Portugalia (do 2002) Eskudo portugalskie
12%
Słowenia (do 2007) Tolar słoweński
12%
Nie znaleziono quizów pasujących do podanych kryteriów
Rozkład punktacji
Procent ludzi z każdym wynikiem
Percentyl według liczby udzielonych odpowiedzi
Twoja historia wyników
Nie rozwiązałeś tego quizu